MDQL
is popping MORE tags! Check the
thread
!
Quizzes
Events
Quiz Creation
Community
Videos
Private Events
Remove Ads
Sign In
Join for FREE
Feedback
Dark Mode
Quiz Categories
Sports
Geography
Music
Movies
Television
Just For Fun
Miscellaneous
History
Literature
Language
Science
Gaming
Entertainment
Religion
Holiday
For Kids
Quiz Lab
Recent
Popular Today
Quiz Kudos Today
Editor Picks
Curator Picks
Quizzes by...
Day
Popularity
Type
Ratings
Length
Year
Community
Subscriptions
Recent Discussions
Orange Saloon
Badges
Playlists
Quests
Create
Leaderboards
Showdown
Live 5
Trivia Bingo
Activity
Puzzle Library
Sporcle Events
Private Events
Virtual Trivia
Globe League
Become a Host
Pub Owners
SporcleCon
Opinionation
Our Games
Videos
Blog
Mobile Apps
Partnerships
Remove Ads and Go Orange
Feedback
Entertainment
Celebrity
Famous
Musical
Broadway
Show
Quote
Comic Books
Anime
Superhero
DC Comics
Marvel
Cartoons
Animation
Entertainment
Celebrity
Famous
Musical
Broadway
Show
Quote
Comic Books
Anime
Superhero
DC Comics
Marvel
Cartoons
Animation
Random Quiz
Search Sporcle
×
Quiz Lab
Quiz Lab
Entertainment
Famous
Type in answers that appear in a list
Type in answers that appear in a list
Classic
Best Score? Go Orange.
Born in California II Stats
Can you name the famous people from California based on the following descriptions?
By
Pedro188
8m
30 Questions
47 Plays
47 Plays
47 Plays
Comments
Comments
Give Quiz Kudos
Give Quiz Kudos
-
- Ratings
hide this ad
Forced Order
Answers have to be entered in order
Answers have to be entered in order
Random Order
Randomize order of answers
Randomize order of answers
Replay
Link that replays current quiz
Next Quiz
Link to next quiz in quiz playlist
You Got
0%
They Got
Avg Score
71%
Avg Friend Score
Upgrade to see
Score Distribution
Jump to the score distribution portion of the page
Score
0/30
Timer
08:00
0
Plays Today
Hint
Answer
% Correct
Comedy actor and singer best known for roles in 'School of Rock' and 'Kung Fu Panda', as well as being the lead vocalist of rock group Tenacious D.
Jack Black
91.5%
Cofounder, and former CEO, of Apple Inc. who also founded what would become Pixar Animation Studios.
Steve Jobs
87.2%
Actor and professional wrestler who goes by the ring name 'The Rock'.
Dwayne Johnson
87.2%
Actor, nephew of Francis Ford Coppola, whose credits feature roles in 'National Treasure', 'Ghost Rider' and 'City of Angels'.
Nicolas Cage
87.2%
Actor, film director and politician who appeared as the Man With No Name in the 'Dollars' Trilogy before starring as Harry Callahan in the 'Dirty Harry' movies.
Clint Eastwood
85.1%
Actor, director and producer whose notable roles include Lt. John J. Dunbar in 'Dances with Wolves' and Ray Kinsella in 'Field of Dreams'.
Kevin Costner
83%
Actor and producer who received Academy Award nominations for his performances in 'True Grit' and 'Starman' among other movies.
Jeff Bridges
83%
Actor and filmmaker who rose to fame with childhood friend Matt Damon before later featuring in movies such as 'Gone Girl' and 'Argo'.
Ben Affleck
78.7%
Comedian and actor who achieved fame as a cast member on Saturday Night Live before portraying the character Ron Burgundy among others
Will Ferrell
78.7%
Professional tennis player who became the first black American woman to be world number one in the Open Era.
Venus Williams
76.6%
Actor and singer who found fame as Troy Bolton in the Disney Channel movie 'High School Musical'.
Zac Efron
76.6%
Actor and film director whose most successful performances came in the movies 'Mystic River' and 'Milk'.
Sean Penn
76.6%
Actor and political activist best known as Detective Sergeant Roger Murtaugh in the 'Lethal Weapon' movie series.
Danny Glover
76.6%
Actor and producer best known for his roles as Sam Malone in the sitcom 'Cheers' and Dr. John Becker in the sitcom 'Becker'.
Ted Danson
74.5%
Singer, songwriter and fashion designer who was the lead vocalist of the band No Doubt before having solo singles with 'Hollaback Girl' and 'Rich Girl'.
Gwen Stefani
70.2%
Hint
Answer
% Correct
Film director and producer, partner of Helena Bonham Carter, whose movies include 'Edward Scissorhands' and 'Corpse Bride'.
Tim Burton
68.1%
Singer, record producer and philathropist, also known as 'Zuper Blahq', who was a founding member of the hip-
hop band The Black Eyed Peas.
Will.i.am
68.1%
Actress and singer whose breakthrough performance was in 'Scarface' before she featured in 'Dangerous Liaisons' and 'Stardust'.
Michelle Pfeiffer
68.1%
Actress and model who achieved an Academy Award for her portrayal of Sally Bowles in the musical Cabaret.
Liza Minnelli
66%
Singer-
songwriter and multi-
instrumentalist who is the lead vocalist of the pop-
rock band Maroon 5.
Adam Levine
66%
Actor who achieved an Academy Award for portraying Atticus Finch in the movie 'To Kill a Mockingbird'.
Gregory Peck
66%
Former model and television personality who was an original 'Angel' of Victoria's Secret before hosting 'America's Next Top Model'.
Tyra Banks
63.8%
Singer who became famous as the lead vocalist of The Go-
Go's before having many solo single hits including 'Heaven is a Place on Earth'.
Belinda Carlisle
63.8%
Actor, screenwriter and director known for portraying Andy Dufresne in 'The Shawshank Redemption' and Danny Boyle in 'Mystic River'.
Tim Robbins
63.8%
Actress, singer-
songwriter and musician best known for portraying Jessica Day in the sitcom 'New Girl'.
Zooey Deschanel
61.7%
Author of the 'A Series of Unfortunate Events' novel collection.
Lemony Snicket
59.6%
Rapper and record producer who was the founder of Beats Electronics.
Dr. Dre
59.6%
Professional golfer, with the nickname 'lefty', whose first major championship win came in the 2004 Masters.
Phil Mickelson
59.6%
Actor, comedian and writer who is a member of the comedy group The Lonely Island and also achieved a Golden Globe for playing Jake Peralta in sitcom 'Brooklyn Nine-
Nine'.
Andy Samberg
53.2%
Singer-
songwriter who rose to fame with the 1994 single 'Loser'
Beck
38.3%
Quiz Playlist
Details
Report
Send in Message
Add To Playlist
Classic:
Type in answers that appear in a list
Forced Order:
Answers have to be entered in order
Random Order:
Randomize order of answers
Last Updated: Feb 16, 2017
Quiz Scoreboard
CHALLENGE
Sign Up to Join the Scoreboard
Show All
Scores
Hide
Comments
May contain spoilers
Recently Published
Holiday 10x10 Sorting Gallery
by lukepisani3
Holiday
15m
Two Season TV Shows II
by 123Four
Television
10m
Image Sorting: Flags VI
by Barbecue
Geography
2m
More to Explore
Quiz From the Vault
Featured Blog Post
14 Easter Pick-up Lines to Find Eggs With
hide this ad
You Might Also Like...
Tags
Famous Quiz
Born
California
description
Today's Top Quizzes in Entertainment
Browse Entertainment
hide this ad
Today's Top Quizzes in Famous
Browse Famous
Top Contributed Quizzes in Entertainment
1
Marvel Classic Character Map
2
Movie-Themed Roller Coasters
3
Dragon Ball Z: Goku's Fights in Order
4
Marvel Characters Bunker
5
Sorting Pictures: Villains
6
Who stole Onew's chicken? (KPOP LOGIC QUIZ)
7
Haikyuu Logic Quiz
8
Celebrity Spelling Bee
9
JoJo's Bizarre Logic Quiz
10
Image Sorting: Anime
Explore More
Trending Topics
Marvel
Harry Potter
Anime
NBA
Kpop
Crossword
Disney
Country
NFL
Puzzle
The Office
WWE
Song
Pokémon
Soccer
hide this ad
More By:
Pedro188
Quiz
Plays
Rating
Category
Featured
Created
US States by Phonetic Name
126,666
4.38
Geography
Jun 4, 2011
Gimme Five: Actors And Actresses
107,275
4.12
Movies
Jul 2, 2011
Five Song Frenzy
76,690
4.12
Music
Jun 10, 2011
Gimme Five: Actors And Actresses II
66,159
4.28
Movies
Jul 2, 2011
US State Capitals by Phonetic Name
57,969
4.58
Geography
Jun 28, 2011
Go to Creator's Profile
Score Distribution
Quiz Creator Spotlight
Pedro188
Follow
Send a Message
Quizzes Created
-
Created Quiz Play Count
-
More By This Creator
Popular Quizzes Today
1
Find the US States - No Outlines Minefield
2
Colored Red Africa Blitz
3
Find the 'City' Movie
4
The Countries of the World
5
5x2 Blitz: Bands
6
Find the US States
7
Find the Countries of Europe - No Outlines Minefield
8
US States
More Entertainment Quizzes
Click the Fictional Victor
Published
Trending Quizzes
Colored Red Europe Blitz I
Colored Red Europe Blitz II
Colored Red Africa Blitz II
Colored Red Europe Blitz III
Colored Red Africa Blitz III
Recently Updated
Odd Team Out - Big 4 Players
pecheneg
Quick Pick: 20 Twenties
pecheneg
March Madness Men's Triple Doubles
pecheneg
How Do You Spell That?
pecheneg
Godzilla Movies
pecheneg
Grab Bag: 4-10 Letters
pecheneg
2024 March Madness Bracket
pecheneg
Famous TV Couples
Peacemaker
Champions League XIs: Real Madrid
pecheneg
Largest US Cities 1790-2010
pecheneg
Trending Topics
Disney
Harry Potter
Crossword
Kpop
NBA
Marvel
Anime
WWE
NFL
Country
Soccer
The Office
Song
Puzzle
Pokémon
Your Account Isn't Verified!
In order to create a playlist on Sporcle, you need to verify the email address you used during registration. Go to your
Sporcle Settings
to finish the process.
Report this User
Report this user for behavior that violates our
Community Guidelines
.
Details:
Send Report
Go to the Sporcle.com Mobile Site →
Comments